000 00717cam a22002411 4500
001 he 68002853
003 DLC
005 20260227111503.0
008 840307s1968 is 000 0 heb
010 _ahe 68002853
035 _a(OCoLC)19149414
040 _aDLC
_cMH
_dDLC
042 _apremarc
050 0 0 _aCT1919.P3
_bC616
100 1 _aGolan, Aviezer.
245 1 0 _aLihyot ḥayal :
_bḲorot ḥayaṿ u-moto shel Dov Kohen hu Gondar Shimshon.
260 _a[Tel Aviv] :
_b[Ḳetsin ḥinukh rashi, ʻAnaf haśkalah],
_c[1968]
300 _a117 p. ;
_c15 cm.
490 0 _aSifriyat tarmil ;
_v44
600 1 0 _aCohen, Dov,
_d1915-1947.
610 2 0 _aIrgun tsevaʼi leʼumi.
752 _aIsrael
_dTel Aviv
999 _c33714
_d33714